000 00679nam a22002417a 4500
003 UA-OsUOA
001 26186
007 ta
008 20040518b un ||||| |||| 00| 0 ukr d
100 _aБаум И.В.
090 _a512
_bЗ15
942 _cBK
040 _aUA-OsUOA
_brus
_cUA-OsUOA
_dUA-OsUOA
245 _aЗадания по алгебре и началам анализа для 10 класса
_bУчебно-методическое пособие
300 _a94 с.
_bІлюстрації
955 _a0
041 _arus
080 _a512
260 _aКиев
_bРадянська школа
_c1982
044 _aRU
650 7 _2UDC
999 _c312501
_d312501